| 000 | 00520cam a2200205ua 4500 | ||
|---|---|---|---|
| 001 | 6982 | ||
| 008 | 141118n ii |||gr||||Z||||||eng | ||
| 020 | _a9788123717715 | ||
| 040 | _cMAIN | ||
| 041 | _aeng | ||
| 082 | _a320 | ||
| 100 |
_aBeetham, David, _eAuthor. |
||
| 245 | 1 |
_aDemocracy : _b80 questions and answers / _cBy David Beetham . |
|
| 250 | _a1st. | ||
| 260 |
_aNew Delhi: _bNational book trust, _c2010. |
||
| 300 | _axiii,118p. | ||
| 653 | _aDemocracy | ||
| 700 |
_aBoyle, Kevin, _eAuthor. |
||
| 942 | _cBK | ||
| 999 |
_c6123 _d6123 |
||